000 02038nam a22002537a 4500
999 _c60831
_d60831
003 Ge_BSU
005 20231027154649.0
008 231027s2014 ge ||||| |||| 00| 0 geo d
020 _a9789941204623
041 _ageo
080 _a62(09) ქ-27
245 _aსაქართველო ჩვენი ფასეულობები :
_bქართული ინჟინერიის ოქროს წიგნი /
_c ანანია ჯაფარიძე; [სარედაქციო კოლეგია : გიორგი ზვიადაძე; ზურაბ აბაშიძე; ავთანდილ საყვარელიძე; ვახტანგ სართანია] .
264 _aთბილისი,
_bსტუ,
_c2014.
300 _a366 გვ. :
_bილ.;
_c31 ცმ.
500 _aგამოცემა ეძღვნება უწმინდესსა და უნეტარესს, სრულიად საქართველოს კათოლიკოს პატრიარქს, მთხეთა-თბილისის მთავარეპისკოპოსსა და ბიჭვინთისა და ცხუმ-აფხაზეთის მეტროპოლიტ ილია II- ს
653 _aქართული ინჟინერია
653 _aქარტველი სახელოვანი მეცნიერები და ინჟინრები
700 _aჯაფარიძე, ანანია
_eავტორი
_92177
700 _aზვიადაძე, გიორგი
_eრედაქტორი
_914987
700 _aაბაშიძე, ზურაბ
_eრედაქტორი
_91322
700 _aსაყვარელიძე, ავთანდილ
_eრედაქტორი
_920259
700 _aსართანია, ვახტანგ
_eრედაქტორი
_920260
942 _2udc
_cᲬᲘᲒᲜᲘ